Progress of education in the Asian region: a statistical review (Record no. 495416)

000 -LEADER
fixed length control field 00449cam a22001217a 4500
008 - FIXED-LENGTH DATA ELEMENTS--GENERAL INFORMATION
fixed length control field 180718b1969 xxu||||| |||| 00| 0 eng d
082 ## - DEWEY DECIMAL CLASSIFICATION NUMBER
Classification number P065x5 Un3p
245 ## - TITLE STATEMENT
Title Progress of education in the Asian region: a statistical review
Statement of responsibility, etc. by Unesco Regional Office for Education in Asia
250 ## - EDITION STATEMENT
Edition statement 2nd edn.
260 ## - PUBLICATION, DISTRIBUTION, ETC.
Place of publication, distribution, etc. Bankok
Name of publisher, distributor, etc. Unesco Regional Office for Education in Asia
Date of publication, distribution, etc. 1969
300 ## - PHYSICAL DESCRIPTION
Extent 211p.
700 ## - ADDED ENTRY--PERSONAL NAME
Personal name Unesco Regional Office for Education in Asia
Holdings
Withdrawn status Lost status Damaged status Not for loan Permanent Location Current Location Date acquired Full call number Barcode Date last seen Price effective from Koha item type
        Indian Institute of Public Administration Indian Institute of Public Administration 2018-08-04 P065x5 Un3p GG12009 2018-08-04 2018-08-04 GG

Powered by Koha